000
00269nam a22001217a 4500
008
170512b xxu||||| |||| 00| 0 eng d
041
_a
eng
080
_a
94
100
_a
94
101
_a
SHJ
245
_a
HISTORY ANG HUMAN NATURE
_c
SOLOMON.R.C
942
_2
udc
_c
BK
999
_c
13286
_d
13286